00333nam a2200121Ia 4500008004100000082001500041100001600056245003500072260002900107300001000136630001800146650004700164211109s9999||||xx |||||||||||||| ||und|| a230bHUT-T aHutton, W H 0aSt Thomas Canterbury, 2nd Edn. bDavid NuttaLondonc1899 a286p. xGeneral Stack aReligionvChristianityxChristian Theology